|
|
|
|
| LEADER |
00000cam a2200000 a 4500 |
| 001 |
vtls008844744 |
| 003 |
SK-MaSNL |
| 005 |
20260301223909.0 |
| 008 |
240313s1995 xo g 000 0 slo |
| 015 |
|
|
|a SNBA2017/09
|
| 020 |
|
|
|a 8096734806
|q (brož.)
|
| 035 |
|
|
|a urn:nbn:sk:snk-am00cull
|
| 035 |
|
|
|a urn:nbn:sk:snk-am3hp2q
|
| 035 |
|
|
|a C083315A-C790-42BE-9420-ADC4E998CCF0
|
| 040 |
|
|
|a SNK
|b slo
|c SNK
|e AACR2
|
| 041 |
0 |
|
|a slo
|
| 044 |
|
|
|a xo
|c SK
|
| 072 |
|
7 |
|a 27-5
|x Kresťanské umenie a symbolika. Duchovný život
|2 konspekt
|
| 080 |
|
|
|a 27-5
|2 2001
|
| 080 |
|
|
|a 2-582
|2 2001
|
| 080 |
|
|
|a (094.9)
|2 2001
|
| 100 |
1 |
|
|a Haranta, Ján,
|d 1909-1983
|4 aut
|9 117953
|
| 245 |
1 |
0 |
|a Májový denník
|b zbierka meditácií a modlitieb
|c Ján Haranta ; [ilustrácie Kamil Weiner]
|
| 250 |
|
|
|a 1. vyd.
|
| 260 |
|
|
|a Trenčín
|b Merkantil
|c 1995
|
| 300 |
|
|
|a 46 s.
|b ilustr.
|c 15 cm
|
| 650 |
0 |
7 |
|a kresťanské modlitby
|2 SNKPH
|9 2006
|
| 650 |
0 |
7 |
|a meditatívna modlitba
|2 SNKPH
|9 100667
|
| 655 |
|
7 |
|a zbierky
|2 SNKPH
|9 70533
|
| 700 |
1 |
|
|a Weiner, Kamil
|4 ill
|9 524003
|
| 919 |
|
|
|a 80-967348-0-6
|
| 958 |
|
|
|a NT
|
| 999 |
|
|
|c 945274
|d 947204
|
| 952 |
|
|
|a SNK
|b SNK
|y PREZ
|7 0
|p 17A0509036
|o snkSE 11241
|i snk2006/17441
|8 1
|0 0
|1 0
|4 0
|d 2006-09-06
|f 1
|l 0
|r 2026-02-24 09:31:27
|w 2026-02-24
|
| 952 |
|
|
|a SNK
|b SNK
|y VYP
|7 0
|p 17A0509037
|o snkSE 11241 D1
|i snk2006/17442
|8 1
|0 0
|1 0
|4 0
|d 2006-09-06
|l 0
|r 2026-02-24 09:31:27
|w 2026-02-24
|